Diagnóstico del funcionamiento del transporte público interurbano entre Heredia - San José (Rutas: 400,400-A y 400-B)

Αποθηκεύτηκε σε:
Λεπτομέρειες βιβλιογραφικής εγγραφής
Κύριος συγγραφέας: Mena Muñoz, Dennis Alfonso
Μορφή: Βιβλίο
Έκδοση: San José, C.R. 1998
Θέματα:
Ετικέτες: Προσθήκη ετικέτας
Δεν υπάρχουν, Καταχωρήστε ετικέτα πρώτοι!

MARC

LEADER 00000nam a2200000Ia 4500
003 008466
005 20221231144224.0
008 140114s1998 cr a m 000 ||s d
040 |c cru CEDI 
090 |a TFG 3841 
100 |a Mena Muñoz, Dennis Alfonso  |9 9080 
245 |a Diagnóstico del funcionamiento del transporte público interurbano entre Heredia - San José (Rutas: 400,400-A y 400-B) 
260 |c 1998  |a  San José, C.R. 
300 |a  [vi], 119 páginas : ilustraciones  
500 |a Proyecto de graduación (licenciatura en ingeniería civil)--Universidad de Costa Rica. Escuela de Ingeniería Civil 
650 |x TRANSPORTE URBANO   |x TRANSPORTE - PLANIFICACION - INVESTIGACIONES   |x CALIDAD DEL SERVICIO   |x REGLAMENTOS DEL TRANSITO  |9 9081 
942 |c TFG 
999 |c 18666  |d 18666